Anglish neologisms - academic disciplines - Statistics

General Stats
  • This quiz has been taken 38 times
  • The average score is 8 of 15
Answer Stats
Anglish Standard English % Correct
lifelore biology
79%
yorelore history
76%
mindlore psychology
76%
godlore theology
76%
landlore geography
73%
shapelore geometry
73%
speechlore linguistics
55%
deerlore zoology
52%
blendlore chemistry
48%
heavenlore astronomy
42%
bookcraft literature
39%
worldken physics
39%
telcraft mathematics
24%
threenooklore trigonometry
21%
mootmanship politics
9%
No matching quizzes found
Score Distribution
Percent of People with Each Score
Percentile by Number Answered
Your Score History
You have not taken this quiz